Appearance and Personality - Statistics

General Stats
  • This quiz has been taken 12 times
  • The average score is 11 of 32
Answer Stats
Angielski Polski % Correct
ugly brzydki
89%
slim chudy
78%
well-built dobrze zbudowany
78%
bald łysy
78%
lazy leniwy
67%
short niski
67%
cute słodki
67%
tall wysoki
67%
tattoo tatuaż
56%
scar blizna
44%
brave odważny
44%
obese otyły
44%
serious poważny
44%
honest szczery
44%
freckles piegowaty
33%
telkative rozmowny
33%
thin cienki
22%
bun kok
22%
responsible odpowiedzialny
22%
pimples pryszcze
22%
bossy władczy
22%
generous chojny
11%
shy cichy
11%
sensitive czuły
11%
pony tail kitka
11%
hard working pracowity
11%
sociable towarzyski
11%
be keen on lubił coś
0%
straight proste włosy
0%
handsome przystoiny
0%
old fashioned staro dawne
0%
spiky stojące
0%
No matching quizzes found
Score Distribution
Percent of People with Each Score
Percentile by Number Answered
Your Score History
You have not taken this quiz